000 00352nam a2200133Ia 4500
008 240624s9999 xx 000 0 und d
041 _aeng
082 _a650.1 KOH
100 _aKOHN STEPHEN E
245 _a9 POWERFUL PRACTICES OF REALLY GREAT BOS
260 _c2014
_aNew Delhi
_bWide Canvas/Vikas
300 _a236 : p. : cm. ; 20
365 _cRS
_b30
999 _c23070
_d23070